Gaming Quiz

Random Gaming or Country Quiz

Civilizations of Civilization Quiz Stats

 Plays Quiz Updated Jul 9, 2013

Challenge
Share
Tweet
Embed
Score 0/61 Timer 07:00
5 Plays Today
% Correct
Chinese
92.5%
American
92.4%
English
91.4%
French
91.2%
German
90.2%
Japanese
89.2%
Russian
88.9%
Roman
87.1%
Indian
87.1%
Egyptian
86.8%
Greek
85.4%
Spanish
85.1%
Aztec
83.3%
Mongol
78.7%
Inca
74.1%
Portuguese
73.8%
Australian
73.8%
Zulu
68.6%
Maya
68.6%
Persian
67.2%
Korean
66.1%
Arab
65.8%
Norwegian
65.6%
Swedish
63.9%
Native American
62.9%
Dutch
62.8%
Polish
62.7%
Brazilian
59.8%
Ottoman
59.6%
Babylonian
59.5%
Danish
57.4%
% Correct
Austrian
56.4%
Hunnic
54.1%
Viking
52.9%
Kongo
49.6%
Celtic
49.3%
Ethiopian
47.3%
Scottish
44.8%
Indonesian
44.7%
Carthaginian
41.7%
Iroquois
41.1%
Polynesian
40.7%
Moroccan
40.5%
Macedonian
39.4%
Mali
39.1%
Byzantine
35.8%
Siamese
33.5%
Assyrian
33.3%
Sioux
31.1%
Venetian
29.9%
Scythian
29.3%
Holy Roman
28.8%
Cree
28.6%
Khmer
28.5%
Sumerian
28.4%
Georgian
28.3%
Nubian
27.8%
Songhai
27.4%
Shoshone
25.8%
Mapuche
21.2%
Hittite
17.8%

You're not logged in!

Compare scores with friends on all Sporcle quizzes.
OR
Log In

You Might Also Like...

Show Comments

Extras

Top Quizzes Today


Score Distribution

Your Account Isn't Verified!

In order to create a playlist on Sporcle, you need to verify the email address you used during registration. Go to your Sporcle Settings to finish the process.

Report this User

Report this user for behavior that violates our Community Guidelines.

Details: